La incursión de la televisión educativa en el nivel primaria de zonas rurales : dos estudios de caso.

-д хадгалсан:
Номзүйн дэлгэрэнгүй
Үндсэн зохиолч: Freixas Flores, Rosario coord, (autor)
Формат: Ном
Хэл сонгох:испани
Цуврал:(Astrofísica)
Нөхцлүүд:
Шошгууд: Шошго нэмэх
Шошго байхгүй, Энэхүү баримтыг шошголох эхний хүн болох!

MARC

LEADER 00000nam^a2200000^u^4500
001 000497226
005 20250521000000.0
008 070309s1000^^^^^^^^^^^^r^^^^^000^0^spa^d
009 20260310125630.781
035 |a FCE 000040867 
037 |a Acervo ITESO - Biblioteca 
041 |a spa 
082 0 4 |a 371.3358  |b FREi 
100 |a Freixas Flores, Rosario,  |e coord  |e (autor) 
245 1 3 |a La incursión de la televisión educativa en el nivel primaria de zonas rurales :  |b dos estudios de caso. 
264 |a México :  |b SEP. Dirección General de Televisión Educativa,  |c 2000. 
300 |a 69 p. ;  |b cuad. 
336 |a texto  |b txt  |2 rdacontenido 
337 |a sin mediación  |b n  |2 rdamedio 
338 |a volumen  |b nc  |2 rdasoporte 
440 1 |a (Astrofísica) 
596 |a Incluye bibliografía p.69 
649 |a XX 
650 |a Televisión educativa 
650 |a Metodología 
650 |a Escuelas rurales 
650 |a Educación primaria 
650 |a Estudios de casos 
650 |a México 
910 |a Fondo Centro de Estudios Educativos 
920 |a Impresos - Libros 
930 |a Fondos Especiales 
905 |a 133 
901 |a ALE047723  |b IT2  |c CEE  |u 20250521 
902 |a https://opac.biblio.iteso.mx/vufind/Record/000497226